Biblioteca

García Márquez (Registro nro. 65894)

Detalles MARC
000 -LÍDER
Campo fijo de descripción fija 01676nam a2200301 i 4500
001 - NÚMERO DE CONTROL
Campo de control 768714001
003 - IDENTIFICADOR DEL NÚMERO DE CONTROL
Campo de control CO-MdFUSB
005 - FECHA Y HORA DE LA ULTIMA TRANSACCIÓN
control field 20211001154349.0
007 - CAMPO FIJO DE DESCRIPCIÓN FIJA--INFORMACIÓN GENERAL
Campo fijo de descripción fija ta
008 - ELEMENTOS DE LONGITUD FIJA -- INFORMACIÓN GENERAL
Campo fijo de descripción fija -- Información general 200521t1997 sp aob|| |||| 00| 0 spa d
020 ## - NÚMERO INTERNACIONAL NORMALIZADO PARA LIBROS
Número Internacional Normalizado del libro 8420482501
040 ## - FUENTE DE CATALOGACIÓN
Agencia de catalogación original CO-MdFUSB
Idioma de catalogación spa
Agencia que realiza la transcripción CO-MdFUSB
Agencia que realiza la modificación CO-MdFUSBC
Convenciones de la descripción rda
041 ## - CÓDIGO DE IDIOMA
Código de idioma para texto/pista de sonido o título separado spa
082 ## - NÚMERO DE CLASIFICACIÓN DECIMAL DEWEY
Número de la edición del Dewey 23
Número de clasificación 920.0986
Clave de autor-Numero de item SA162
100 ## - ASIENTO PRINCIPAL--NOMBRE PERSONAL
Nombre personal Saldívar, Dasso
Fechas asociadas con el nombre 1951
Término relacionador autor
245 1# - TÍTULO
Título del Material García Márquez
Parte restante del título - Subtitulo : el viaje a la semilla. La biografía
Mención de responsabilidad, etc. / Dasso Saldivar
264 #1 - PRODUCCIÓN, PUBLICACIÓN, DISTRIBUCIÓN, MANUFACTURA, Y COPYRIGHT
Lugar de producción, publicación, distribución, manufactura Madrid, Español :
Nombre del productor, publicador, distribuidor Alfaguara,
Fecha de producción, publicación, distribución, manufactura, o copyright [1997]
264 #4 - PRODUCCIÓN, PUBLICACIÓN, DISTRIBUCIÓN, MANUFACTURA, Y COPYRIGHT
Fecha de producción, publicación, distribución, manufactura, o copyright ©1997
300 ## - DESCRIPCIÓN FÍSICA
Dimensiones 541 páginas ;
Extensión 24 cm
Otros detalles físicos Ilustraciones, retratos a blanco y negro
336 ## - TIPO DE CONTENIDO
Fuente rdacontent
Término de tipo de contenido texto
Código de tipo de contenido txt
337 ## - TIPO DE MEDIO
Fuente rdamedia
Nombre del tipo de medio sin mediación
Código del tipo de medio n
338 ## - TIPO DE SOPORTE
Fuente rdacarrier
Nombre del tipo de soporte volumen
Código Tipo de soporte nc
520 1# - NOTA DE RESUMEN, ETC.
Nota de sumario, etc. El viaje a la semilla es sin duda la biografía más completa sobre el autor colombiano escrita y publicada hasta la fecha. Tiene su origen en dos preguntas que llevaban veinte años obsesionado a Dasso Saldívar: ¿Quién es el hombre que escribió Cien años de soledad? ¿Cuál es la realidad histórica, cultural, familiar y personal que subyace en esta prodigiosa novela? En busca de respuesta, el autor viajó a los lugares esenciales de García Márquez, conversó con el escritor, sus familiares y amigos, realizó centenares de entrevistas e indagó en hemerotecas y archivos de varios países. El resultado es una visión completa y compleja, profunda e iluminadora, indispensable para comprender en todo su alcance la obra de un escritor que a todos nos fascina con su intención y su genio.
563 ## - NOTA DE ENCUADERNACIÓN
Nota de encuadernación Rústico
650 #7 - ASIENTO SECUNDARIO DE MATERIA - TERMINO TEMÁTICO
9 (RLIN) 409
Término temático o nombre geográfico como elemento de entrada Biografía
942 ## - TIPO DE MATERIAL (KOHA)
Tipo de Item KOHA Libros General
945 ## - INFORMACIÓN LOCAL DEL REGISTRO
Catalogador Dani
Existencias
Estado de Material Estado de Perdido Forma de Clasificación Estado de Dañado No para Préstamo Colección Biblioteca de Origen Biblioteca Permanente Fecha de Adquisición Área Total de Préstamos Signatura Topográfica Código de Barras Última vez visto Ejemplar/Existencia Fecha de Remplazo Tipo de Material
    Dewey Decimal Classification     Colección General Biblioteca FUSBC Biblioteca FUSBC 21/05/2020 BIOGRAFIA   G 920.0986 SA162g 2329 21/05/2020 Ej.1 21/05/2020 Libros General

Biblioteca FUSBC | Teléfono: (57+4) 349 88 10 Ext. 141| WhatsApp (+57) 3005338115 
E-mail: biblioteca@unisbc.edu.co | Calle 76 87-14 Robledo Palenque, Medellín, Colombia

Con tecnología Koha